[Event "Oberliga NRW 2122"]
[Site "Germany"]
[Date "2022.03.06"]
[Round "4.7"]
[White "Steffens, Klaus"]
[Black "Koerber, Matthias"]
[Result "0-1"]
[WhiteElo "1802"]
[BlackElo "2194"]
[PlyCount "78"]
[EventDate "2021.10.31"]
[EventType "team-tourn"]
[EventRounds "9"]
[EventCountry "GER"]
[SourceTitle "EXT 2023"]
[Source "ChessBase"]
[SourceDate "2022.10.05"]
[SourceVersion "1"]
[SourceVersionDate "2022.10.05"]
[SourceQuality "1"]
[WhiteTeam "Siegburg"]
[BlackTeam "Wattenscheid"]
[WhiteTeamCountry "GER"]
[BlackTeamCountry "GER"]

1. Nf3 Nf6 2. d4 d5 3. g3 c5 4. c3 Nc6 5. Bg2 Bf5 6. 0-0 e6 7. Nh4 Be4 8. e3 Be7 9. Nd2 Bxg2 10. Nxg2 b5 11. dxc5 Bxc5 12. Qe2 Qb6 13. a4 Rb8 14. axb5 Qxb5 15. Qxb5 Rxb5 16. b4 Bb6 17. Nb1 Bc7 18. f3 a5 19. Na3 Rb7 20. b5 Na7 21. Rb1 Kd7 22. Rd1 Rhb8 23. c4 Ke8 24. e4 dxc4 25. Nxc4 Nxb5 26. Bf4 Nc3 27. Rxb7 Rxb7 28. Ra1 Ne2+ 29. Kf2 Nxf4 30. Nxf4 Rb5 31. Nd3 Nd7 32. Ke2 Ke7 33. Ra2 h5 34. f4 Nb8 35. Kd2 Nc6 36. Kc3 Kd7 37. Na3 Rb8 38. Nc5+ Kc8 39. Na6 Nb4 0-1

[Event "Oberliga NRW 1920"]
[Site "Germany"]
[Date "2020.03.08"]
[Round "7.8"]
[White "Koerber, Matthias"]
[Black "Rott, Georg"]
[Result "1/2-1/2"]
[WhiteElo "2180"]
[BlackElo "2058"]
[PlyCount "61"]
[EventDate "2019.09.15"]
[EventType "team-tourn"]
[EventRounds "9"]
[EventCountry "GER"]
[SourceTitle "EXT 2022"]
[Source "ChessBase"]
[SourceDate "2021.10.06"]
[SourceVersion "1"]
[SourceVersionDate "2021.10.06"]
[SourceQuality "1"]
[WhiteTeam "Wattenscheid"]
[BlackTeam "Muenster"]
[WhiteTeamCountry "GER"]
[BlackTeamCountry "GER"]

1. d4 d5 2. c4 c6 3. Nc3 Nf6 4. Nf3 a6 5. a4 Bf5 6. Qb3 Ra7 7. Bg5 e6 8. e3 Be7 9. Nh4 Bg4 10. h3 Bh5 11. g4 h6 12. Bf4 Nfd7 13. Nf3 Bg6 14. c5 a5 15. Rd1 0-0 16. Bd3 Bxd3 17. Rxd3 Na6 18. Ke2 Ndxc5 19. dxc5 Nxc5 20. Qc2 Nxd3 21. Qxd3 Ra6 22. Rg1 Rb6 23. Nd1 f6 24. Bxh6 Qe8 25. g5 Qh5 26. Bxg7 Kxg7 27. gxf6+ Kxf6 28. Rg5 Qxf3+ 29. Kxf3 Kxg5+ 30. Kg3 Kh6 31. e4 1/2-1/2

[Event "Oberliga NRW 1718"]
[Site "Germany"]
[Date "2018.03.11"]
[Round "7.6"]
[White "Krueger, Andre"]
[Black "Koerber, Matthias"]
[Result "0-1"]
[WhiteElo "2053"]
[BlackElo "2195"]
[PlyCount "92"]
[EventDate "2017.09.17"]
[EventType "team-tourn"]
[EventRounds "9"]
[EventCountry "GER"]
[SourceTitle "EXT 2019"]
[Source "ChessBase"]
[SourceDate "2018.10.10"]
[SourceVersion "1"]
[SourceVersionDate "2018.10.10"]
[SourceQuality "1"]
[WhiteTeam "Muelheim Nord II"]
[BlackTeam "Wattenscheid"]
[WhiteTeamCountry "GER"]
[BlackTeamCountry "GER"]

1. e4 c5 2. Nf3 d6 3. Bb5+ Nd7 4. 0-0 a6 5. Bd3 Ngf6 6. c3 Qc7 7. Bc2 d5 8. d3 e6 9. Qe2 dxe4 10. dxe4 Be7 11. a4 0-0 12. Na3 Rd8 13. Bg5 Nf8 14. e5 Nd5 15. Bxe7 Qxe7 16. Nc4 Bd7 17. Rfd1 Bc6 18. Na5 Be8 19. Be4 Qc7 20. Nc4 Bc6 21. Qc2 Nf4 22. g3 N4g6 23. Re1 b5 24. axb5 axb5 25. Rxa8 Rxa8 26. Bxc6 Qxc6 27. Ncd2 Nd7 28. Qd3 h6 29. h4 Ra2 30. h5 Ne7 31. b3 Qd5 32. Qxd5 Nxd5 33. c4 bxc4 34. bxc4 Nb4 35. Re3 Nc6 36. Kg2 Ncxe5 37. Nxe5 Rxd2 38. Nxd7 Rxd7 39. Re5 Rc7 40. f4 Kf8 41. f5 Ke7 42. fxe6 fxe6 43. Kf3 Kd6 44. Re4 Rf7+ 45. Kg4 Rf1 46. Kh3 Rh1+ 0-1

[Event "Oberliga NRW 1516"]
[Site "Germany"]
[Date "2016.04.03"]
[Round "8.7"]
[White "Koerber, Matthias"]
[Black "Noelke, Manfred"]
[Result "1-0"]
[WhiteElo "2139"]
[BlackElo "1924"]
[PlyCount "121"]
[EventDate "2015.09.27"]
[EventType "team-tourn"]
[EventRounds "9"]
[EventCountry "GER"]
[SourceTitle "EXT 2017"]
[Source "ChessBase"]
[SourceDate "2016.10.25"]
[SourceVersion "1"]
[SourceVersionDate "2016.10.25"]
[SourceQuality "1"]
[WhiteTeam "Wattenscheid"]
[BlackTeam "Plettenberg"]
[WhiteTeamCountry "GER"]
[BlackTeamCountry "GER"]

1. d4 d5 2. c4 dxc4 3. e3 Be6 4. Na3 Nf6 5. Nxc4 g6 6. Bd3 Bg7 7. Ne2 0-0 8. Nf4 Bxc4 9. Bxc4 e5 10. dxe5 Qxd1+ 11. Kxd1 Ng4 12. Ke2 Nxe5 13. Bb3 c5 14. Bd2 c4 15. Bc2 Nbc6 16. Rac1 Rab8 17. b3 Rfd8 18. Bc3 b5 19. Be4 cxb3 20. Bxc6 bxa2 21. Bd5 g5 22. Ba5 Rdc8 23. Nh5 Rxc1 24. Rxc1 Nd3 25. Kxd3 a1Q 26. Rxa1 Bxa1 27. Bb4 g4 28. e4 Be5 29. Ng3 Bxg3 30. hxg3 Rc8 31. Bb3 Rc1 32. Bd5 Ra1 33. Bc3 Rf1 34. Ke3 Rb1 35. e5 Rc1 36. Kd2 Rf1 37. f4 gxf3 38. gxf3 Rf2+ 39. Kd3 Rg2 40. g4 Rh2 41. Bc6 a6 42. Bd2 h5 43. gxh5 Rxh5 44. Ke4 Rh2 45. Ke3 Rh6 46. Bd5 Kf8 47. Ke4 Rh4+ 48. f4 Rh2 49. Bb4+ Ke8 50. Kf5 Rb2 51. Bc6+ Kd8 52. Bc3 Rc2 53. Ba5+ Ke7 54. Bb4+ Kd8 55. Bd5 Rb2 56. Be1 b4 57. Bxf7 Ke7 58. e6 a5 59. Bh4+ Kf8 60. Kf6 Re2 61. Bf2 1-0

[Event "Oberliga NRW 1516"]
[Site "Germany"]
[Date "2016.03.06"]
[Round "7.6"]
[White "Koerber, Matthias"]
[Black "Beukema, Stefan"]
[Result "0-1"]
[WhiteElo "2139"]
[BlackElo "2332"]
[PlyCount "66"]
[EventDate "2015.09.27"]
[EventType "team-tourn"]
[EventRounds "9"]
[EventCountry "GER"]
[SourceTitle "EXT 2017"]
[Source "ChessBase"]
[SourceDate "2016.10.25"]
[SourceVersion "1"]
[SourceVersionDate "2016.10.25"]
[SourceQuality "1"]
[WhiteTeam "Wattenscheid"]
[BlackTeam "Wuerselen"]
[WhiteTeamCountry "GER"]
[BlackTeamCountry "GER"]

1. d4 f5 2. c4 Nf6 3. g3 g6 4. Bg2 Bg7 5. Nf3 0-0 6. 0-0 d6 7. b3 Qe8 8. Bb2 Na6 9. Nc3 e5 10. Qd2 e4 11. Ne1 c5 12. Nc2 b6 13. a4 Bb7 14. a5 d5 15. cxd5 Rd8 16. axb6 axb6 17. Rfd1 Nxd5 18. Nxd5 Rxd5 19. e3 Nc7 20. Bf1 Ne6 21. Bc4 Rd8 22. b4 Bd5 23. Qe2 Bxc4 24. Qxc4 b5 25. Qa2 c4 26. d5 Ng5 27. Bxg7 Kxg7 28. Qb2+ Kh6 29. Kg2 Rd6 30. Ra5 Qd7 31. Qd4 f4 32. Ra7 Qh3+ 33. Kh1 Rdf6 0-1

[Event "Ruhrgebiet Regionalliga 1415"]
[Site "Germany"]
[Date "2015.01.25"]
[Round "5.1"]
[White "Koerber, Matthias"]
[Black "Dergatschova, Anna"]
[Result "1-0"]
[WhiteElo "2113"]
[BlackElo "2191"]
[PlyCount "103"]
[EventDate "2014.09.28"]
[EventType "team-tourn"]
[EventRounds "9"]
[EventCountry "GER"]
[SourceTitle "EXT 2022"]
[Source "ChessBase"]
[SourceDate "2021.10.06"]
[SourceVersion "1"]
[SourceVersionDate "2021.10.06"]
[SourceQuality "1"]
[WhiteTeam "Wattenscheid SV II"]
[BlackTeam "Holsterhausen SK"]
[WhiteTeamCountry "GER"]
[BlackTeamCountry "GER"]

1. d4 Nf6 2. c4 Nc6 3. Nf3 d5 4. Nc3 Bg4 5. Ne5 dxc4 6. Nxg4 Nxg4 7. e3 Qd7 8. Bxc4 e5 9. d5 Na5 10. Bb5 c6 11. dxc6 Qxd1+ 12. Nxd1 Nxc6 13. f3 Nf6 14. Bd2 Rc8 15. Rc1 Bd6 16. Nf2 Ke7 17. Ke2 Nb8 18. Rhd1 a6 19. Bd3 Nbd7 20. Ne4 Nxe4 21. Bxe4 Rxc1 22. Rxc1 Rb8 23. Bd5 Nc5 24. Be1 Ne6 25. Ba5 Kd7 26. Bb6 Ke7 27. Rc4 Kd7 28. g3 Rc8 29. Rxc8 Kxc8 30. Bxe6+ fxe6 31. Kd3 Kd7 32. Ke4 Ke7 33. Ba5 Kf6 34. Bc3 Bc7 35. a4 h5 36. f4 b6 37. h3 Bb8 38. b3 Bc7 39. Bb2 Bb8 40. Bc3 Bc7 41. g4 hxg4 42. hxg4 b5 43. axb5 axb5 44. Bxe5+ Bxe5 45. g5+ Ke7 46. Kxe5 b4 47. Kd4 Kd6 48. Kc4 g6 49. Kxb4 e5 50. Kc4 exf4 51. exf4 Ke6 52. Kd4 1-0

[Event "Ruhrgebiet Regionalliga 1314"]
[Site "Ruhrgebiet"]
[Date "2014.03.02"]
[Round "7.1"]
[White "Grosse Frintrop, Gerd"]
[Black "Koerber, Matthias"]
[Result "1/2-1/2"]
[WhiteElo "1946"]
[BlackElo "2087"]
[PlyCount "138"]
[EventDate "2013.09.22"]
[EventType "team-tourn"]
[EventRounds "9"]
[EventCountry "GER"]
[SourceTitle "EXT 2024"]
[Source "ChessBase"]
[SourceDate "2023.10.10"]
[SourceVersion "1"]
[SourceVersionDate "2023.10.10"]
[SourceQuality "1"]
[WhiteTeam "Buer"]
[BlackTeam "Wattenscheid III"]
[WhiteTeamCountry "GER"]
[BlackTeamCountry "GER"]

1. d4 d5 2. c4 c6 3. cxd5 cxd5 4. Nf3 Nf6 5. Nc3 Nc6 6. Bf4 Bf5 7. a3 e6 8. Qb3 a6 9. e3 Bd6 10. Bxd6 Qxd6 11. Qxb7 0-0 12. Qb3 Rab8 13. Qa2 Na5 14. b4 Rfc8 15. Rc1 Ne4 16. Qb2 Nc4 17. Bxc4 Rxc4 18. Ne5 Rcc8 19. 0-0 f6 20. Nf3 a5 21. Nxe4 Bxe4 22. Rxc8+ Rxc8 23. bxa5 Ra8 24. Qb4 Qd8 25. Ra1 Bxf3 26. gxf3 Rxa5 27. Rc1 Ra8 28. Rc3 Qe8 29. Qd6 h6 30. Kg2 Ra7 31. Qg3 Qe7 32. Qg6 Ra8 33. e4 Qf7 34. Qg3 Kh7 35. Rc7 Qf8 36. Qg4 f5 37. exf5 exf5 38. Qh5 Qf6 39. Rf7 Qg6+ 40. Qxg6+ Kxg6 41. Rd7 Ra5 42. Kg3 Kf6 43. h4 g5 44. Rd6+ Kg7 45. h5 Rxa3 46. Rxd5 Rd3 47. Kg2 Rd1 48. Rd6 Kf7 49. d5 Ke7 50. Rxh6 Rxd5 51. Rg6 g4 52. f4 Rd3 53. h6 Rh3 54. Ra6 Kf7 55. Rb6 Rh5 56. f3 gxf3+ 57. Kxf3 Rh3+ 58. Ke2 Kg8 59. Rf6 Kh7 60. Rxf5 Rxh6 61. Kf3 Kg6 62. Ra5 Kf7 63. Ra7+ Kf8 64. Kg4 Rb6 65. Kg5 Rb5+ 66. f5 Rb6 67. Ra5 Kf7 68. f6 Rb1 69. Ra7+ Kf8 1/2-1/2

[Event "Gelsenkirchen Silvester op 1st"]
[Site "Gelsenkirchen"]
[Date "2013.12.29"]
[Round "5"]
[White "Koerber, Matthias"]
[Black "Herzum, Peter"]
[Result "1/2-1/2"]
[WhiteElo "2064"]
[BlackElo "1937"]
[PlyCount "79"]
[EventDate "2013.12.27"]
[EventType "swiss"]
[EventRounds "5"]
[EventCountry "GER"]
[SourceTitle "EXT 2019"]
[Source "ChessBase"]
[SourceDate "2018.10.10"]
[SourceVersion "1"]
[SourceVersionDate "2018.10.10"]
[SourceQuality "1"]

1. d4 Nf6 2. c4 g6 3. g3 c6 4. Bg2 d5 5. Nf3 Bg7 6. 0-0 0-0 7. Nc3 Nbd7 8. cxd5 Nxd5 9. Nxd5 cxd5 10. Bf4 Nf6 11. Qb3 Nh5 12. Bd2 e6 13. Rfc1 b6 14. Rc2 Bd7 15. Rac1 Rc8 16. h3 Rxc2 17. Qxc2 Qa8 18. Qc7 Bb5 19. Bb4 Rd8 20. g4 Nf6 21. Ne5 Nd7 22. Be7 Re8 23. Bd6 Nxe5 24. Bxe5 Bxe5 25. Qxe5 Rc8 26. Rxc8+ Qxc8 27. Bf1 Qa6 28. Qb8+ Kg7 29. Qe5+ Kg8 30. Qb8+ Kg7 31. Qe5+ Kg8 32. a3 Bc4 33. Qb8+ Kg7 34. h4 Qa4 35. Qe5+ Kg8 36. h5 gxh5 37. gxh5 Qc2 38. Qg5+ Kf8 39. Qd8+ Kg7 40. Qg5+ 1/2-1/2

[Event "Gelsenkirchen Silvester op 1st"]
[Site "Gelsenkirchen"]
[Date "2013.12.27"]
[Round "1"]
[White "Koerber, Matthias"]
[Black "Richter, Philipp"]
[Result "1-0"]
[WhiteElo "2064"]
[BlackElo "1593"]
[PlyCount "57"]
[EventDate "2013.12.27"]
[EventType "swiss"]
[EventRounds "5"]
[EventCountry "GER"]
[SourceTitle "EXT 2019"]
[Source "ChessBase"]
[SourceDate "2018.10.10"]
[SourceVersion "1"]
[SourceVersionDate "2018.10.10"]
[SourceQuality "1"]

1. d4 Nf6 2. c4 c5 3. Nf3 e6 4. Nc3 Be7 5. d5 d6 6. e4 exd5 7. cxd5 0-0 8. Be2 Nbd7 9. 0-0 Ng4 10. Bf4 a6 11. a4 f5 12. Qd2 Nge5 13. Bxe5 Nxe5 14. Nxe5 dxe5 15. exf5 Bxf5 16. Bd3 g6 17. Rfd1 Bd6 18. Be4 Qh4 19. Qe2 Rf7 20. a5 Raf8 21. f3 c4 22. Ra4 Bc5+ 23. Kh1 Bd4 24. Rxc4 Bg4 25. d6 Kh8 26. Rc7 Rf4 27. g3 Rxe4 28. Qxe4 Qh3 29. Qxg4 1-0

[Event "Ruhrgebiet Regionalliga 1314"]
[Site "Ruhrgebiet"]
[Date "2013.12.01"]
[Round "4.2"]
[White "Happel, Heiner"]
[Black "Koerber, Matthias"]
[Result "1/2-1/2"]
[WhiteElo "2169"]
[BlackElo "2085"]
[PlyCount "103"]
[EventDate "2013.09.22"]
[EventType "team-tourn"]
[EventRounds "9"]
[EventCountry "GER"]
[SourceTitle "EXT 2024"]
[Source "ChessBase"]
[SourceDate "2023.10.10"]
[SourceVersion "1"]
[SourceVersionDate "2023.10.10"]
[SourceQuality "1"]
[WhiteTeam "Koenigsspringer Hamm"]
[BlackTeam "Wattenscheid III"]
[WhiteTeamCountry "GER"]
[BlackTeamCountry "GER"]

1. Nf3 d5 2. d4 Bf5 3. c4 e6 4. Nc3 c6 5. e3 Nd7 6. Bd2 h6 7. Be2 Ngf6 8. 0-0 Bd6 9. Qb3 Rb8 10. Rfd1 0-0 11. Be1 Bg4 12. Qc2 Qe7 13. e4 dxe4 14. Nxe4 Nxe4 15. Qxe4 Nf6 16. Qe3 Rfd8 17. h3 Bh5 18. Bc3 Bg6 19. Ne5 Bh7 20. Bd3 Bxd3 21. Rxd3 Bb4 22. Rad1 Bxc3 23. Rxc3 c5 24. Rcd3 cxd4 25. Rxd4 a6 26. Qd3 Rdc8 27. Rd6 Rc7 28. b4 Nd5 29. c5 Nxb4 30. Qb3 Nd5 31. Nc6 Qxd6 32. cxd6 Rxc6 33. d7 Rd8 34. Qxb7 Rc7 35. Qxa6 Rdxd7 36. a4 Ra7 37. Qb5 Kh7 38. a5 Rdb7 39. Qd3+ g6 40. a6 Rb6 41. Ra1 Nb4 42. Qd4 Nd5 43. Qc4 Rc7 44. Qd3 Nb4 45. Qd8 Nxa6 46. Kh2 Rcb7 47. Rc1 Rb8 48. Rc8 Rxc8 49. Qxc8 Kg7 50. Qc3+ Kh7 51. Qc8 Kg7 52. Qc3+ 1/2-1/2

[Event "Oberliga NRW 1314"]
[Site "Germany"]
[Date "2013.10.06"]
[Round "2.7"]
[White "Koerber, Matthias"]
[Black "Smit, Erik"]
[Result "1/2-1/2"]
[WhiteElo "2085"]
[BlackElo "2187"]
[PlyCount "101"]
[EventDate "2013.09.15"]
[EventType "team-tourn"]
[EventRounds "9"]
[EventCountry "GER"]
[SourceTitle "EXT 2015"]
[Source "ChessBase"]
[SourceDate "2014.11.20"]
[SourceVersion "1"]
[SourceVersionDate "2014.11.20"]
[SourceQuality "1"]
[WhiteTeam "Wattenscheid II"]
[BlackTeam "Emsdetten Turm II"]
[WhiteTeamCountry "GER"]
[BlackTeamCountry "GER"]

1. d4 Nf6 2. c4 e6 3. Nc3 d5 4. cxd5 exd5 5. Bg5 Be7 6. e3 c6 7. Qc2 Nbd7 8. Bd3 Nf8 9. Nge2 Ne6 10. Bh4 g6 11. 0-0 Ng7 12. f3 0-0 13. Rae1 Re8 14. h3 Nfh5 15. Bf2 Bh4 16. e4 Bxf2+ 17. Rxf2 Ne6 18. e5 Qh4 19. f4 Nexf4 20. Ref1 Nxe2+ 21. Nxe2 Be6 22. Qd2 Ng3 23. Nxg3 Qxg3 24. Rf6 Rac8 25. R1f3 Qh4 26. R3f4 Qh6 27. Qf2 c5 28. dxc5 Qg5 29. Qd4 Bxh3 30. Qxd5 Be6 31. Qxb7 Qxe5 32. Rxf7 Bxf7 33. Qxf7+ Kh8 34. Bxg6 Re7 35. Qf5 Qxc5+ 36. Qxc5 Rxc5 37. Bd3 Rc1+ 38. Kh2 Rd1 39. Bc4 Kg7 40. b3 Kg6 41. Kg3 Re3+ 42. Kh2 Re5 43. Rf2 a5 44. g3 Kg5 45. a4 Rd6 46. Kg2 Re1 47. Rc2 Red1 48. Kf3 Rf6+ 49. Kg2 Rfd6 50. Kf3 Rf6+ 51. Kg2 1/2-1/2

[Event "Queenstown op"]
[Site "Queenstown"]
[Date "2012.01.17"]
[Round "3"]
[White "Koerber, Matthias"]
[Black "Pyke, Malcolm"]
[Result "0-1"]
[WhiteElo "1916"]
[BlackElo "2132"]
[PlyCount "122"]
[EventDate "2012.01.15"]
[EventType "swiss"]
[EventRounds "9"]
[EventCountry "NZL"]
[SourceTitle "CBM 146 Extra"]
[Source "ChessBase"]
[SourceDate "2012.02.29"]
[SourceVersion "1"]
[SourceVersionDate "2012.02.29"]
[SourceQuality "1"]

1. d4 Nf6 2. c4 e6 3. Nc3 c5 4. d5 exd5 5. cxd5 d6 6. Nf3 g6 7. h3 a6 8. a4 Qe7 9. Bf4 Bg7 10. Nd2 0-0 11. e4 Nbd7 12. Be2 Ne8 13. 0-0 Ne5 14. Bh2 g5 15. g4 Ng6 16. Bf3 Be5 17. Bxe5 dxe5 18. Nc4 Nd6 19. Nxd6 Qxd6 20. Kh2 Bd7 21. Qd2 h6 22. Nd1 b5 23. axb5 axb5 24. Ne3 Nf4 25. Qc2 Rfc8 26. b3 f6 27. Rxa8 Rxa8 28. Rc1 Rc8 29. Be2 Kh7 30. Ng2 Nxg2 31. Kxg2 Kg7 32. Qa2 Qb6 33. Ra1 Rc7 34. Qa3 Be8 35. Rc1 Bg6 36. f3 h5 37. Rc2 h4 38. Qc1 Be8 39. Qe3 Qd6 40. Qc1 Qb6 41. Qe3 Qd6 42. Qg1 Bd7 43. Qa1 Qb6 44. Qa3 Be8 45. Kf1 Kf7 46. Rc1 b4 47. Qa6 Qxa6 48. Bxa6 Ra7 49. Be2 Ra5 50. Ke1 Ke7 51. Kd2 Kd6 52. Rc2 Bd7 53. Bd3 Ra3 54. Rb2 Ra1 55. Rb1 Ra2+ 56. Bc2 Bb5 57. Re1 c4 58. bxc4 Ba4 59. Rc1 b3 60. Rb1 Rxc2+ 61. Kd3 Kc5 0-1

[Event "Ruhrgebiet Verbandsliga2 1011"]
[Site "Nordrheinwestfalen"]
[Date "2010.12.05"]
[Round "4.6"]
[White "Reiter, Hans Ernst"]
[Black "Koerber, Matthias"]
[Result "1/2-1/2"]
[WhiteElo "2052"]
[BlackElo "2019"]
[PlyCount "102"]
[EventDate "2010.09.12"]
[EventType "team-tourn"]
[EventRounds "9"]
[EventCountry "GER"]
[SourceTitle "EXT 2020"]
[Source "ChessBase"]
[SourceDate "2019.10.17"]
[SourceVersion "1"]
[SourceVersionDate "2019.10.17"]
[SourceQuality "1"]
[WhiteTeam "Muelheim Nord III"]
[BlackTeam "Wattenscheid SV IV"]
[WhiteTeamCountry "GER"]
[BlackTeamCountry "GER"]

1. d4 d5 2. Nf3 Nf6 3. Bf4 c6 4. c3 Bf5 5. Nbd2 e6 6. e3 Nbd7 7. Be2 Be7 8. 0-0 h6 9. Ne5 0-0 10. c4 Ne4 11. Nxe4 Bxe4 12. Qb3 Nxe5 13. Bxe5 Qb6 14. Rfc1 Qxb3 15. axb3 a6 16. Bd1 Rad8 17. Bc2 Bxc2 18. Rxc2 f6 19. Bg3 Rfe8 20. Kf1 Rd7 21. f3 Bd8 22. Rd2 Bb6 23. Bf2 Kf7 24. Rad1 Red8 25. Ke2 Re8 26. Rd3 Ba7 27. R3d2 Rde7 28. Kf1 e5 29. dxe5 Rxe5 30. cxd5 cxd5 31. Rxd5 Rxd5 32. Rxd5 Ke6 33. e4 Bxf2 34. Kxf2 Rc8 35. Rd2 Rc6 36. Ke3 Ke7 37. g3 Ke6 38. Kd3 Rb6 39. Kc2 Rc6+ 40. Kd1 Rc7 41. Rd3 Ke7 42. Kd2 Ke6 43. Rc3 Rd7+ 44. Ke2 Ke7 45. Rc5 Ke6 46. b4 Rd6 47. b3 Rb6 48. Rc4 a5 49. Kd3 axb4 50. Rc7 Kd6 51. Rc4 Ke6 1/2-1/2

[Event "Vlissingen HZ op 14th"]
[Site "Vlissingen"]
[Date "2010.08.08"]
[Round "3"]
[White "Rosmuller, Anton J"]
[Black "Koerber, Matthias"]
[Result "1-0"]
[WhiteElo "2117"]
[BlackElo "1894"]
[PlyCount "73"]
[EventDate "2010.08.07"]
[EventType "swiss"]
[EventRounds "9"]
[EventCountry "NED"]
[SourceTitle "CBM 137 Extra"]
[Source "ChessBase"]
[SourceDate "2010.09.01"]
[SourceVersion "1"]
[SourceVersionDate "2010.09.01"]
[SourceQuality "1"]

1. d4 d5 2. Nf3 Nf6 3. c4 c6 4. Nc3 dxc4 5. a4 Bf5 6. Ne5 e6 7. e3 Nbd7 8. Nxc4 Bb4 9. Be2 0-0 10. 0-0 Re8 11. Qb3 a5 12. Na2 c5 13. Nd6 Re7 14. Nxb4 cxb4 15. Bf3 Qc7 16. Nxf5 exf5 17. Bd2 Ne4 18. Bxe4 fxe4 19. Rac1 Qd6 20. Rc2 Re6 21. f4 Nb6 22. Rc5 Qd7 23. Ra1 Kh8 24. f5 Ree8 25. Rb5 Ra6 26. Rc1 Rc8 27. Rxc8+ Nxc8 28. Qd5 Qxd5 29. Rxd5 Nd6 30. Be1 h5 31. b3 g6 32. fxg6 fxg6 33. Bg3 Nf5 34. Rd8+ Kh7 35. Be5 Kh6 36. d5 Ne7 37. Rd7 1-0

[Event "Vlissingen HZ op 14th"]
[Site "Vlissingen"]
[Date "2010.08.07"]
[Round "1"]
[White "Guidarelli, Laurent"]
[Black "Koerber, Matthias"]
[Result "1-0"]
[WhiteElo "2433"]
[BlackElo "1894"]
[PlyCount "65"]
[EventDate "2010.08.07"]
[EventType "swiss"]
[EventRounds "9"]
[EventCountry "NED"]
[SourceTitle "CBM 137 Extra"]
[Source "ChessBase"]
[SourceDate "2010.09.01"]
[SourceVersion "1"]
[SourceVersionDate "2010.09.01"]
[SourceQuality "1"]

1. d4 d5 2. c4 e6 3. Nc3 Nf6 4. Bg5 Be7 5. e3 Nbd7 6. cxd5 exd5 7. Bd3 Nf8 8. Nge2 Ne6 9. Bh4 c6 10. 0-0 0-0 11. f3 g6 12. Qc2 Re8 13. Kh1 Ng7 14. Rad1 Bf5 15. Bxf5 Nxf5 16. Bf2 Ng7 17. e4 Ne6 18. Ng3 Bf8 19. Be3 Re7 20. e5 Ne8 21. f4 Bh6 22. Qd3 N6g7 23. f5 Bxe3 24. Qxe3 gxf5 25. Nxf5 Nxf5 26. Rxf5 Ng7 27. Rf6 Qd7 28. Rdf1 Ne6 29. Ne2 Kh8 30. Ng3 Ng7 31. Qd3 Qe8 32. R1f4 Qg8 33. Rg4 1-0

[Event "Bundesliga 0910"]
[Site "Germany"]
[Date "2010.02.27"]
[Round "10.8"]
[White "Hoffmann, Michael"]
[Black "Koerber, Matthias"]
[Result "1-0"]
[WhiteElo "2513"]
[BlackElo "1898"]
[PlyCount "61"]
[EventDate "2009.10.16"]
[EventType "team-tourn"]
[EventRounds "15"]
[EventCountry "GER"]
[SourceTitle "EXT 2011"]
[Source "ChessBase"]
[SourceDate "2010.11.26"]
[SourceVersion "1"]
[SourceVersionDate "2010.11.26"]
[SourceQuality "1"]
[WhiteTeam "Solingen"]
[BlackTeam "Wattenscheid"]
[WhiteTeamCountry "GER"]
[BlackTeamCountry "GER"]

1. d4 d5 2. c4 e6 3. Nf3 Nf6 4. Nc3 c6 5. Bg5 Be7 6. e3 Nbd7 7. Bd3 0-0 8. 0-0 a6 9. c5 e5 10. dxe5 Ne8 11. Bxe7 Qxe7 12. Qc2 g6 13. e4 dxe4 14. Nxe4 Nxe5 15. Nxe5 Qxe5 16. Ng3 Be6 17. Rae1 Qd4 18. Re4 Qd7 19. Rd1 Rd8 20. Ree1 Bd5 21. Qc3 Nc7 22. Bf5 gxf5 23. Qf6 Ne6 24. Nxf5 h5 25. Rxe6 fxe6 26. Ne7+ Qxe7 27. Qxe7 Rde8 28. Qg5+ Kf7 29. Qxh5+ Ke7 30. Qe5 Kd7 31. Rd3 1-0

[Event "Ruhrgebiet VL1 0910"]
[Site "Germany"]
[Date "2010.01.10"]
[Round "5.7"]
[White "Busche, Klaus"]
[Black "Koerber, Matthias"]
[Result "0-1"]
[WhiteElo "2071"]
[BlackElo "1898"]
[PlyCount "74"]
[EventDate "2009.09.06"]
[EventType "team-tourn"]
[EventRounds "9"]
[EventCountry "GER"]
[SourceTitle "EXT 2011"]
[Source "ChessBase"]
[SourceDate "2010.11.26"]
[SourceVersion "1"]
[SourceVersionDate "2010.11.26"]
[SourceQuality "1"]
[WhiteTeam "Ahlen"]
[BlackTeam "Wattenscheid IV"]
[WhiteTeamCountry "GER"]
[BlackTeamCountry "GER"]

1. e4 c5 2. c3 d5 3. exd5 Qxd5 4. d4 Nf6 5. Nf3 e6 6. Be2 cxd4 7. cxd4 Be7 8. Nc3 Qd8 9. Ne5 Nbd7 10. 0-0 0-0 11. Bf3 Nb6 12. Bg5 Nbd5 13. Qb3 a5 14. Rfd1 Ra6 15. Nxd5 Nxd5 16. Bxe7 Nxe7 17. Be4 Rd6 18. Nf3 Nd5 19. Rac1 b6 20. Bxd5 Rxd5 21. Re1 Bb7 22. Re3 Rd6 23. h3 Bxf3 24. Rxf3 Rxd4 25. Rc6 Rd1+ 26. Kh2 Rd6 27. Rfc3 Qb8 28. g3 Rfd8 29. Qb5 h6 30. Rxd6 Rxd6 31. Qa6 Rd8 32. Rc6 Qe5 33. Rxb6 Rd2 34. Qa8+ Kh7 35. Qf3 Qc5 36. Kg2 Qxb6 37. Qxf7 Qc6+ 0-1

[Event "Ruhrgebiet VL1 0910"]
[Site "Germany"]
[Date "2009.09.06"]
[Round "1.6"]
[White "Kortenbusch, Christoph"]
[Black "Koerber, Matthias"]
[Result "1-0"]
[WhiteElo "2064"]
[BlackElo "1898"]
[PlyCount "147"]
[EventDate "2009.09.06"]
[EventType "team-tourn"]
[EventRounds "9"]
[EventCountry "GER"]
[SourceTitle "EXT 2011"]
[Source "ChessBase"]
[SourceDate "2010.11.26"]
[SourceVersion "1"]
[SourceVersionDate "2010.11.26"]
[SourceQuality "1"]
[WhiteTeam "Holsterhausen"]
[BlackTeam "Wattenscheid IV"]
[WhiteTeamCountry "GER"]
[BlackTeamCountry "GER"]

1. e4 c5 2. Nf3 d6 3. b3 e5 4. Bb5+ Nc6 5. 0-0 Be6 6. Re1 Be7 7. c3 a6 8. Bxc6+ bxc6 9. d4 cxd4 10. cxd4 exd4 11. Nxd4 Qd7 12. Bb2 Bf6 13. Qd2 Ne7 14. Na3 0-0 15. Rac1 c5 16. Nxe6 Qxe6 17. Bxf6 Qxf6 18. Rcd1 Ng6 19. Nc4 Ne5 20. Qxd6 Nxc4 21. Qxf6 gxf6 22. bxc4 Rab8 23. Rd6 a5 24. Ra6 Rb4 25. Rc1 Rd8 26. h3 Ra4 27. Rc2 Rd4 28. f3 Rdxc4 29. Rxc4 Rxc4 30. Rxa5 Rc2 31. a4 c4 32. Rc5 c3 33. a5 Ra2 34. Rxc3 Rxa5 35. g4 Ra2 36. Rc1 Kg7 37. Rf1 Kg6 38. Rf2 Ra3 39. Kg2 Kg5 40. Kg3 Ra1 41. Rb2 Kg6 42. Rb5 h6 43. h4 Ra7 44. Rb6 Re7 45. Kf4 Re5 46. Ke3 Ra5 47. Rd6 Ra3+ 48. Kf4 Ra5 49. Rd5 Ra4 50. h5+ Kg7 51. Kf5 Ra3 52. f4 Rf3 53. Rd6 Rf1 54. Rxf6 Ra1 55. e5 Rb1 56. Rd6 Ra1 57. Rd7 Re1 58. Re7 Kg8 59. e6 fxe6+ 60. Rxe6 Ra1 61. Rxh6 Ra5+ 62. Kg6 Ra7 63. Kg5 Rf7 64. Rg6+ Kh8 65. Ra6 Rg7+ 66. Kh4 Rb7 67. g5 Rf7 68. Kg4 Rb7 69. g6 Rb8 70. Kg5 Rb5+ 71. f5 Rb8 72. Ra7 Kg8 73. h6 Kh8 74. h7 1-0